The lass at the brow of the hill. Tune - Who has e'er been at Baldock, &c.

Bibliographic Details
Main Author: Jones, Mary, 1707-1778
Format: eBook
Language:English
Published: [Salisbury] : Fowler, printer, Salisbury, [1785?]
Series:Eighteenth century collections online.
Online Access:Full text online

MARC

Tag First Indicator Second Indicator Subfields
LEADER 00000cam a2200000 4500
001 in00001934591
006 m | d |
007 cr |n||||||||n
008 790602s1785 enk|||| s 00||||eng d
005 20260403181424.0
035 |a (CStRLIN)ESTCT37545 
040 |a Uk-ES  |c Uk-ES  |d CStRLIN  |d Thomson Gale  |d UtOrBLW 
100 1 |a Jones, Mary,  |d 1707-1778. 
240 1 0 |a Lass of the hill 
245 1 4 |a The lass at the brow of the hill. Tune - Who has e'er been at Baldock, &c. 
264 1 |a [Salisbury] :  |b Fowler, printer, Salisbury,  |c [1785?] 
300 |a 1 sheet ;  |c 1/8⁰. 
336 |a text  |b txt  |2 rdacontent 
337 |a computer  |b c  |2 rdamedia 
338 |a online resource  |b cr  |2 rdacarrier 
500 |a Anonymous. By Mary Jones. 
500 |a Verse - "At the brow of a hill a fair shepherdess dwelt,". 
500 |a Reproduction of original from the British Library. 
510 4 |a English Short Title Catalog,  |c ESTCT37545. 
533 |a Electronic reproduction.  |b Farmington Hills, Mich. :  |c Thomson Gale,  |d 2003.  |n Available via the World Wide Web.  |n Access limited by licensing agreements  |7 s2003 miunns 
500 |a Electronic resource. 
830 0 |a Eighteenth century collections online. 
856 4 0 |u http://proxy.library.tamu.edu/login?url=https://galenet.galegroup.com/servlet/ECCO?c=1&stp=Author&ste=11&af=BN&ae=T037545&tiPG=1&dd=0&dc=flc&docNum=CW114303234&vrsn=1.0&srchtp=a&d4=0.33&n=10&SU=0LRK&locID=txshracd2898  |z Full text online  |t 0 
999 |a MARS 
999 f f |s 5a2257e9-85f2-387a-aebf-d3fa60493ae9  |i d9fd4a05-2efe-3fe7-9ece-2e43bd361e3b  |t 0 
952 f f |a Texas A&M University  |b College Station  |c Electronic Resources  |s www_evans  |d Available Online  |t 0  |h No information provided 
998 f f |t 0  |l Available Online